| 000 | 00691cam a22002291 4500 | ||
|---|---|---|---|
| 001 | sa 68004308 | ||
| 003 | DLC | ||
| 005 | 20260227112500.0 | ||
| 008 | 711020s1967 ii 000 0 eng | ||
| 010 | _asa 68004308 //r92 | ||
| 025 | _aPL480:I-E-7995 | ||
| 040 |
_aDLC _cDLC _dDLC |
||
| 043 | _aa-ii--- | ||
| 050 | 0 | 0 |
_aHC435.2 _b.A55 |
| 082 | 0 | 0 | _a338.954 |
| 110 | 1 | 0 |
_aIndia (Republic). _bPlanning Commission. _bPerspective Planning Division. |
| 245 | 1 | 0 | _aDraft fourth plan: material and financial balances, 1964-65, 1970-71 & 1975-76. |
| 260 | 1 |
_a[New Delhi] _c1966 [i.e. 1967] |
|
| 300 |
_a149 p. _c27 cm. |
||
| 350 |
_aRs10 _a$3.60 |
||
| 651 | 0 |
_aIndia _xEconomic policy _y1966-1974. |
|
| 999 |
_c80105 _d80105 |
||